000 01130cam a22003377a 4500
003 CHAP
005 20220329135533.0
008 971013s1960 r 00010 d
010 _a38182
011 _a39154
035 _a43274
040 _cCHAP
090 _aFolleto 184
110 _aPatronato para la Investigación, Fomento y Defensa Agrícola. Matamoros, Tamps.
_986219
245 0 _aDifusión extra-radicular de nutrientes vegetales
260 _aMatamoros, Tamps. :
_bEl patronato,
_c1960
300 _a14 p.
590 _aBATCH-UPD
_b10
_c20130109
_lUCH01
_h2337
590 _aBATCH-UPD
_b10
_c20130110
_lUCH01
_h2039
590 _aBATCH-UPD
_b10
_c20130410
_lUCH01
_h1354
590 _aBATCH-UPD
_b10
_c20130914
_lUCH01
_h1917
590 _aCONVERSION
_b10
_c20130109
_lUCH01
_h1321
650 1 4 _aPlantas
_xMetabolismo.
_988858
650 1 4 _aPlantas
_xNutrición.
_988874
650 1 4 _aPlantas
_xNutrición.
_988874
700 0 _aPolo Celis, Adalberto.
_990276
901 _aBK
942 _cFOLL
949 _aFolleto 184
_bBC
_cFOLL
_d-99257
_eTS1
_i43274
_si
949 _aFolleto 184
_bBC
_cFOLL
_d-99258
_eTS2
_fc.2
_i43274
_si
999 _c38182
_d38182